000 01679namaa22003731i 4500
003 EG-GICUC
005 20260506120022.0
008 260506s2005 ua ||||jr|||| 001 0 ara d
017 _a2005 / 11594
_bدار الكتب و الوثائق القومية (مصر)
040 _aEG-GiCUC
_bara
_cEG-GiCUC
_dEG-GiCUC
_erda
041 _aara
_geng
_hava
043 _aa-ir---
082 0 4 _221
_a891.5509
_bB8824t
092 0 4 _221
_a891.5509
_bB8824t
099 _a891.5509 B8824t
100 1 _aبراون ، ادوارد جرانفيل،
_d1862-1926.
_eمؤلف.
245 1 0 _aتاريخ الادب فى ايران /
_bتأليف ادوارد براون ؛ ترجمة الى الفارسية على صالح ؛ الترجمة للعربية احمد كمال الدين حلمى ؛تقديم محمد علاء الدين منصور
250 _aالطبعة الاولى.
264 _aالقاهرة :
_bالمجلي الاعلى الثقافة،
_c2005.
300 _aمجلد واحد
_b؛
_c24 سم.
336 _2rdacontent
_atext
337 _2rdamedia
_aUnmediated
338 _2rdacarrier
_avolume
490 _aالمشروع القومى للترجمة ؛
_v677
504 _aيشتمل على ارجاعات الببلوجفية وكشافات
541 _aد. جابر عصفور ؛
_bالقاهرة ؛
_cإهداء ؛
_d2024.
650 1 7 _aالادب الفارسى
_xتاريخ ونقد
_2qrmak
651 1 _2qrmak
700 1 _aصالح ، على باشا
_eمترجم.
700 1 _aحلمى، احمد كمال الدين
_eمترجم.
700 1 _aمنصور ، محمد علاء الدين
_eمقدم.
905 _aNoha
942 _2ddc
_cBK
_e21
_n0
999 _c180028
_d180028